Prada - cassö, RAYE, D-Block Europe (All Lyrics) - Statistics

General Stats
  • This quiz has been taken 21 times
  • The average score is 231 of 406
Answer Stats
Answer % Correct
a
100%
Prada
100%
I
95%
I'm
95%
in
95%
want
84%
baby,
79%
baby
79%
Baby,
79%
Got
79%
got
79%
my
79%
Paris,
79%
22,
74%
Christian,
74%
face,
74%
Fendi
74%
no
74%
up
74%
up,
74%
don't
68%
on
68%
Ooh-ooh,
68%
ooh-ooh-ooh
68%
strippers
68%
tits
68%
And
63%
can't
63%
the
63%
The
63%
to
63%
you
63%
You
63%
Bentley
58%
from
58%
lady
58%
like
58%
Prince's
58%
see
58%
bitch
53%
fancy
53%
feel
53%
house
53%
this
53%
way,
53%
your
53%
bad
47%
'Bout
47%
chase
47%
down
47%
drip
47%
It
47%
Purple
47%
Sittin'
47%
south,
47%
straight,
47%
take
47%
Take
47%
that
47%
wall,
47%
all
42%
clout,
42%
couch
42%
her
42%
mouth,
42%
need
42%
New
42%
paint
42%
Pull
42%
Selfridges
42%
state,
42%
east,
37%
make
37%
nigga
37%
Rap
37%
uh-huh
37%
walls,
37%
wanna
37%
bricks
32%
but
32%
how
32%
matter,
32%
paper,
32%
still
32%
then
32%
wow
32%
already
26%
Half
26%
he's
26%
molly
26%
money
26%
out
26%
runnin'
26%
sellin'
26%
she
26%
side
26%
cake
21%
flight,
21%
goin'
21%
man,
21%
might
21%
piece
21%
pipe
21%
Ritz
21%
than
21%
comin'
16%
more
16%
Shard,
16%
usually
16%
Lyft
11%
Phone
5%
No matching quizzes found
Score Distribution
Percent of People with Each Score
Percentile by Number Answered
Your Score History
You have not taken this quiz